Statistics for Tourist Route of the USA

Click here to take the quiz!

General Stats

  • This quiz has been taken 1,183 times
  • The average score is 15 of 20

Answer Stats

TypeClueDestination% Correct
BridgeConnects San Francisco to the NorthGolden Gate Bridge
94%
CitySin CityLas Vegas
91%
MonumentFrench gift in the New York HarborStatue of Liberty
91%
HouseResident of the PresidentWhite House
91%
CityHurricane Katrina, Mardi GrasNew Orleans
90%
SquareNew Year's Eve ball dropTimes Square
88%
National ParkCanyon in the Colorado PlateauGrand Canyon
86%
SignSituated on Mount Lee, Los AngelesHollywood Sign
85%
SculptureWashington, Jefferson, Roosevelt, LincolnMount Rushmore
85%
CityThe Tea Party, Freedom TrailBoston
83%
RoadThe Mother RoadRoute 66
73%
HouseElvis Presley's mansionGraceland
69%
MallLargest Mall in AmericaMall of America
68%
National ParkSupervolcanoYellowstone
68%
CityGaslamp District, ___ _____ ZooSan Diego
63%
StationLargest station in the worldGrand Central Terminal
58%
LakesHOMESGreat Lakes
58%
Launch SiteNASA's space flight launch padKennedy Space Center
49%
TowerBuilt for the World FairSpace Needle
41%
VolcanoTallest mountain in the worldMauna Kea
25%

Score Distribution

Percentile by Number Answered

Percent of People with Each Score

Your Score History

You have not taken this quiz